00898nab a2200265 uc450000100070000000500170000700800410002403500110006503500210007604000130009704100080011010000440011824500410016265000300020365000280023365000340026165000410029565000280033665000300036465000480039465000380044277301230048094200100060399900190061373594920240201170358.0020509s2000 spa  a735949 a(OCoLC)819943713 ccomduadb aspa10aTenti Fanfani, Emilio4auteaut928190510aCulturas juveniles y cultura escolar aCulturas juveniles998006 aCultura escolar9100501 aJuventud y educación918354 aJuventud - Colombia - Historia93054 aEscolarización935120 aJuventud y cultura919528 7aRelaciones intergeneracionales2lemb921289 aAdolescencia y educación9697150 tRevista Colombiana de Educación (Bogotá)gNúmero 40-41, Enero-Diciembre 2000, p. 61-74w121857x0120-3916068221 cARIMP c239796d239796